| 000 | 01528nam a2200229Ia 4500 | ||
|---|---|---|---|
| 001 | 6619 | ||
| 008 | 260622s9999 xx 000 0 und d | ||
| 020 | _a9789953891033 | ||
| 245 | 0 |
_aنحو النجوم و قصص أخرى/ _cوليام فولكنر. مترجم: سامر أبو هواش |
|
| 260 |
_bدار الآداب، بيروت؛ كلمة، أبو ظبي؛ _c2009 |
||
| 300 |
_a239p; _c22x14cm |
||
| 505 | _aOriginal title: Vintage International Collected Stories of William Faulkner. Ad Astra, and other Stories. By William Faulkner. Translated by Samer Abu Hawash ------This collection offers a fascinating glimpse into Faulkner's exploration of Southern life, cultural tensions, and human resilience, making it an essential read for literature enthusiasts. | ||
| 520 | _aعنوان الروايات: ---- عجب عجاب، Original title: A Courtship؛ ----------الأرض الخراب، Original title: THE WASTELAND؛------- نحو النجوم، Original title: Ad Astra؛------- انتصار، Original title: Victory؛--------- الصدع، Original title: Crevasse؛--------- مبادلة، Original title: Turnabout؛--------- كل الطيارين الموتى، Original title: All the Dead Pilots. | ||
| 546 | _aArabic | ||
| 650 | _aPJ7501-8517 Arabic literature | ||
| 650 |
_aTranslated works _99462 |
||
| 651 | _aUSA | ||
| 655 |
_aFiction رواية _99463 |
||
| 700 |
_aAbu Hawash, Samer سامر أبو هواش _99464 |
||
| 700 |
_aFaulkner, William وليم فوكنر _99465 |
||
| 942 | _cBK | ||
| 999 |
_c6619 _d6619 |
||